Návrh a optimalizácia modelov vhodných pre aditívnu výrobu

Salvato in:
Dettagli Bibliografici
Autore principale: Mladý, Juraj Jozef (Autore)
Altri autori: Beniak, Juraj (Relatore della tesi)
Natura: Manoscritto Libro
Lingua:slovacco
Pubblicazione: 2022
Soggetti:
Accesso online:http://is.stuba.sk/zp/portal_zp.pl?podrobnosti=171866
Tags: Aggiungi Tag
Nessun Tag, puoi essere il primo ad aggiungerne!!

MARC

LEADER 00000ntm a22000003a 4500
001 stuzp90940
003 SK-STU
005 20220611214142.3
007 ta
008 150427s2015----xo-----f-mn---000-0-slo-d
040 |a STU  |b slo 
041 0 |a slo 
100 1 |a Mladý, Juraj Jozef  |u 020070  |4 aut  |U SjF Strojnícka fakulta  |T SjF Ústav výrobných systémov, enviromentálnej techniky a manažment kvality  |X 98653  |U J0070  |Y 804  |7 98653 
242 0 1 |a Design and optimization of models suitable for additive manufacturing  |y eng 
245 1 0 |a Návrh a optimalizácia modelov vhodných pre aditívnu výrobu 
260 |c 2022 
650 4 |a Topologická optimalizácia  |2 slo 
650 4 |a Aditívna výroba  |2 slo 
650 4 |a Ansys  |2 slo 
650 4 |a Altair Inspire  |2 slo 
650 4 |a nTopology  |2 slo 
650 4 |a Topology optimization  |2 eng 
650 4 |a Additive manufacturing  |2 eng 
650 4 |a Ansys  |2 eng 
650 4 |a Altair Inspire  |2 eng 
650 4 |a nTopology  |2 eng 
700 1 |a Beniak, Juraj  |u 020070  |k Z1  |4 ths  |U SjF Strojnícka fakulta  |T SjF Ústav výrobných systémov, enviromentálnej techniky a manažment kvality  |X 2226  |U J0070  |Y 804  |7 A000002226 
856 4 |u http://is.stuba.sk/zp/portal_zp.pl?podrobnosti=171866 
996 |b 284J046989  |c J* 3489/DBP  |l JJSK  |s A  |a 24  |w stuzp90940_0001